LIBRARY & INFORMATION CENTRE, KCAET, TAVANUR

ONLINE PUBLIC ACCESS CATALOGUE (OPAC)

Kerala Financial Code / (Record no. 2912)

MARC details
000 -LEADER
fixed length control field 00382cam a2200157ua 4500
003 - CONTROL NUMBER IDENTIFIER
control field OSt
008 - FIXED-LENGTH DATA ELEMENTS--GENERAL INFORMATION
fixed length control field 221031b |||||||| |||| 00| 0 eng d
041 ## - LANGUAGE CODE
Language code of text/sound track or separate title eng
082 ## - DEWEY DECIMAL CLASSIFICATION NUMBER
Classification number 028.70335
Item number FIN/KE
245 ## - TITLE STATEMENT
Title Kerala Financial Code /
250 ## - EDITION STATEMENT
Edition statement 1 /
260 ## - PUBLICATION, DISTRIBUTION, ETC. (IMPRINT)
Place of publication :
Name of publisher Financial department Government of Kerala ,
Year of publication 1983.
300 ## - PHYSICAL DESCRIPTION
Number of Pages 167 ; .
500 ## - GENERAL NOTE
General note **Reference
942 ## - ADDED ENTRY ELEMENTS (KOHA)
Koha item type Books
Holdings
Withdrawn status Lost status Damaged status Home library Current library Date acquired Full call number Accession Number Koha item type
      KAUAET   07/04/2012 028.70335 14627 Books
Withdrawn   Damaged KAUAET KAUAET 07/04/2012 028.70335 13605 Reference
Withdrawn     KAUAET KAUAET 16/11/2023 028.70335 FIN/KE 13601 Books
free website counter